00303nam a2200121Ia 4500008004100000041000800041082001500049100001700064245003000081260003300111300003000144365000700174240624s9999 xx 000 0 und d aeng a332.63 SIM aSIMON ALAN R aSTOCK OPTIONS FOR DUMMIES c2006aNew DelhibWiley India axx, : 312 : p. : cm. ; 23 b20